Guerra de Liberación (Record no. 56277)

MARC details
000 -LEADER
campo de control de longitud fija 00728nam a2200217 i 4500
001 - NÚMERO DE CONTROL
campo de control 56277
003 - IDENTIFICADOR DE NÚMERO DE CONTROL
campo de control ES-MaACL
005 - FECHA Y HORA DE LA ÚLTIMA TRANSACCIÓN
campo de control 20250822063122.0
007 - CAMPO FIJO DE DESCRIPCIÓN FÍSICA--INFORMACIÓN GENERAL
campo de control de longitud fija t|
008 - DATOS DE LONGITUD FIJA--INFORMACIÓN GENERAL
campo de control de longitud fija 031007s1957 sp ||||1| spa d
100 1# - ENTRADA PRINCIPAL--NOMBRE DE PERSONA
Nombre de persona Díaz de Villegas, José,
Fechas asociadas al nombre 1894-1968
9 (RLIN) 44253
245 10 - MENCIÓN DEL TÍTULO
Título Guerra de Liberación
Resto del título : (la fuerza de la razón) /
Mención de responsabilidad, etc. General José Díaz de Villegas y Bustamante.
250 ## - MENCION DE EDICION
Mención de edición [1ª ed.].
260 ## - PUBLICACIÓN, DISTRIBUCIÓN, ETC.
Lugar de publicación, distribución, etc. Barcelona :
Nombre del editor, distribuidor, etc. AHR,
Fecha de publicación, distribución, etc. [1957]
300 ## - DESCRIPCIÓN FÍSICA
Extensión 402 p. :
Otras características físicas 31 graf. ;
Dimensiones 18 cm.
490 1# - MENCIÓN DE SERIE
Mención de serie La epopeya y sus héroes
651 #4 - PUNTO DE ACCESO ADICIONAL DE MATERIA--NOMBRE GEOGRÁFICO
Nombre geográfico España-
Subdivisión general Historia-
Subdivisión cronológica 1936-1939, Guerra civil.
9 (RLIN) 8292
830 0# - PUNTO DE ACCESO ADICIONAL DE SERIE-TÍTULO UNIFORME
Título uniforme La epopeya y sus héroes
9 (RLIN) 182575
852 ## - LOCALIZACIÓN
Ubicación ES-MaACL
Número de control de estantería C-12919
Sublocalización o colección R.41042
Holdings
Estatus retirado Estado de pérdida Estado de daño No para préstamo Biblioteca de origen Biblioteca actual Ubicación en estantería Fecha de adquisición Fuente de adquisición Total de préstamos Signatura topográfica completa Código de barras Visto por última vez Precio de reemplazo Tipo de ítem Koha
        Biblioteca del Ateneo de Madrid Biblioteca del Ateneo de Madrid Sala Palomar 17/01/2008     C-12919 1059111 23/02/2023 23/02/2023 Libro impreso